000
00192 a2200097 4500
001
1498
100
_a
Austin, J.B
245
_a
Electric welding
260
_a
_b
ATS
_c
1956
090
_c
1040
_d
1040
942
_a
NUST-CAE
_c
M
_c
448
999
_c
236571
_d
236571